000 00587nam a22001817a 4500
005 20240130103542.0
008 240130b |||||||| |||| 00| 0 eng d
020 _a9781485109242
041 _aEnglish
082 _a347.6 SCH
100 _aSchwikkard, PJ and Van der Merwe,SE
_lEnglish
245 _aPrinciples of Evidence /
_cPJ Schwikkard and SE Van der Merwe
250 _aFourth Edition
260 _aCape Town :
_bJuta and Company (Pty) Ltd,
_c2016
300 _bxxv, 749 pages ;
_c25 cm.
650 _aLegal practice
_bLaw
942 _cBK
_6ALISON_BN_VRIES
999 _c1301
_d1301